000 00472nam a2200193Ia 4500
003 OSt
005 20250701151246.0
008 210210b1987 xxu||||| |||| 00| 0 eng d
040 _cAL
041 _aeng
082 _a320.454 HANI
100 _aHans Raj
_9210408
245 _aIndian government and politics
260 _aDelhi
_bSurjeet publications
_c1987
300 _axvi,422,144,xxp.
690 _aIndian Government
_9210409
906 _a040482
942 _2ddc
_cBK
999 _c90590
_d90590